000 00734nam a2200205 i 4500
001 57238
003 ES-MaACL
007 t|
008 031015s1973 fr ||||1| fre d
100 1 _aDiximier, Jacques.
_944900
245 1 0 _aCours de mathématiques du premier cycle
_b: . Premier année : exercises, indications de solutions, reponses /
_cJacques Dixmier ; avec la collaboration de Pierre Dugac.
250 _a[2eme ed. rev. et aug.].
260 _aParis :
_bGauthier-Villars,
_c1973.
300 _aVIII, 632 p. ;
_c24 cm.
490 1 _aCahiers scientifiques ;
_v30
700 1 _aDugac, Pierre.
_945921
830 0 _aCahiers scientifiques ;
_v30
_9181884
852 _aES-MaACL
_jE-5302
_bR.89775
999 _c57238
_d57238